000 00883nam a2200217 a 4500
001 2030316
003 AM-YEHGA
005 20251118144856.0
008 250905s1916 ru |||||||||||||||0|rus|d
040 _aAM-YEHGA
041 1 _arus
_hger
100 1 _aЗом, Рудольф
245 1 0 _aИнституции :
_bИстория и система рим. гражд. права /
_cПроф. Р. Зом ; Пер. Нина Кесслер.
250 _aПер. с 14-го изд. под ред. А.Н. Беликова
260 _aСергиев Посад :
_bтип. И.И. Иванова,
_c1916.
300 _aчасть, выпуск
505 1 0 _gЧ. 2, Вып. 1 (1916, 368 с.) :
_tОбщая часть и вещное право
650 1 4 _aРимское гражданское право
700 1 _aКесслер, Нина
_eпер.
_4trl
942 _2udc
_cBK
999 _c536858
_d536858